000 01136nam a2200325 i 4500
001 000026662
003 DO-SdBNP
005 20240411142906.0
006 a||||gr|||| 00| 0
007 ta
008 091118e1969 dr r 000 0 spa d
040 _aDO-SdBNP
_bspa
_cBNPHU
_erda
082 4 _a305.80097293
_bF825n, 1969
_222
100 1 _aFranco, Franklin J.
_919014
_dautor
245 1 4 _aLos negros, los mulatos y la nación dominicana /
_cFranklin J. Franco ; prólogo, Juan I. Jimenes Grullón.
250 _a3a edición
264 _aSanto Domingo :
_bNacional,
_c1969.
300 _avii, 162 páginas ;
_c18 cm.
336 _2rdacontent
_atexto
_btxt
337 _2rdamedia
_asin mediación
_bn
338 _2rdacarrier
_avolumen
_bnc
500 _aLa biblioteca posee 1 ejemplar de pasta dura.
504 _aBibliografía : páginas 175-185
590 _aInventariado, 2024 / MF
650 4 _aEsclavitud
_zRepública Dominicana
_929788
650 4 _aNegros
_zRepública Dominicana
_92558
700 1 4 _aJimenes Grullón, Juan I.,
_eprólogo
_d1903-
_929789
910 _aValidado. Control de calidad. MFF
942 _2ddc
_cLBS1
999 _c26154
_d26154